World Ass Population Quiz Stats

 Plays Quiz Updated Nov 9, 2016

Also try: Bear Countries
Challenge
Share
Tweet
Embed
Score 0/20 Timer 06:00
9 Plays Today
Rank: Country: % Correct
1.China
90.1%
15.India
86.9%
4.Mexico
85%
8.Brazil
83.9%
5.Egypt
72.5%
6.Iran
70.7%
2.Pakistan
68.9%
17.Peru
67.3%
12.Afghanistan
60.9%
20.Turkey
60.2%
Rank: Country: % Correct
14.Sudan
51.3%
7.Niger
50.6%
11.Morocco
50.5%
19.Venezuela
49.8%
10.Nigeria
48.9%
16.Bolivia
45.5%
3.Ethiopia
45.2%
9.Mali
34.8%
18.Yemen
28.1%
13.Burkina Faso
13.6%

You're not logged in!

Compare scores with friends on all Sporcle quizzes.
Join for Free
OR
Log In

You Might Also Like...

Show Comments

Extras

Top Quizzes Today


Score Distribution

Your Account Isn't Verified!

In order to create a playlist on Sporcle, you need to verify the email address you used during registration. Go to your Sporcle Settings to finish the process.

Report this User

Report this user for behavior that violates our Community Guidelines.

Details: